000 00255nam a2200109Ia 4500
008 190216s9999||||xx |||||||||||||| ||und||
100 _aRen Warner
245 0 _aMen And Gods
260 _bHeinemann Educational Books Ltd
650 _aEnglish
942 _cBK
999 _c12425
_d12425